ბათუმის შოთა რუსთაველის სახელმწიფო უნივერსიტეტის ბიბლიოთეკა

თხზულებათა სრული კრებული ორ ტომად. ტ.2 (ბიბ.ჩანაწერი № 43632)

000 -LEADER
fixed length control field 01153nam a2200229Ia 4500
001 - CONTROL NUMBER
control field 10367
003 - CONTROL NUMBER IDENTIFIER
control field GE_BSU
008 - FIXED-LENGTH DATA ELEMENTS--GENERAL INFORMATION
fixed length control field 181216s||||||||xx |||||||||||||| ||und||
040 ## - CATALOGING SOURCE
Transcribing agency GE_BSU
080 ## - UNIVERSAL DECIMAL CLASSIFICATION NUMBER
Universal Decimal Classification number 821.353.1–31
100 ## - MAIN ENTRY--PERSONAL NAME
Personal name უიარაღო,(თათარაშვილი,კონდრატე)
245 ## - TITLE STATEMENT
Title თხზულებათა სრული კრებული ორ ტომად. ტ.2
245 ## - TITLE STATEMENT
Remainder of title მაძიებელნი.რომანი,ფრაგმენტები
245 ## - TITLE STATEMENT
Statement of responsibility, etc. შეადგ.შესავ.წერილი წაუმძღვარა და შენიშვნ.დაურთო ს.ცაიშვილმა.რედ.გროგოლ.ჩიქოვანი.მხატვ.ი.ჯანაშვილი
260 ## - PUBLICATION, DISTRIBUTION, ETC.
Place of publication, distribution, etc. თბილისი
260 ## - PUBLICATION, DISTRIBUTION, ETC.
Name of publisher, distributor, etc. საბჭ.მწერალი
260 ## - PUBLICATION, DISTRIBUTION, ETC.
Date of publication, distribution, etc. 1958
300 ## - PHYSICAL DESCRIPTION
Extent 560გვ.23სმ.
653 ## - INDEX TERM--UNCONTROLLED
Uncontrolled term თხზულებათა სრული კრებული
653 ## - INDEX TERM--UNCONTROLLED
Uncontrolled term მოთხრობები,ნარკვევები და წერილები
942 ## - ADDED ENTRY ELEMENTS (KOHA)
Koha item type წიგნი
ეგზემპლარები
Withdrawn status Lost status Damaged status Not for loan Date acquired Barcode Date last seen Price effective from Koha item type
        2018-12-17 33984 2018-12-17 2018-12-17 წიგნი
        2018-12-17 33985 2018-12-17 2018-12-17 წიგნი
        2018-12-17 33986 2018-12-17 2018-12-17 წიგნი